01273pam a2200337 a 4500001001000000003000400010005001700014008004100031020002500072020002200097040004000119082002000159100002700179245007400206250009500280260005000375300002900425490002000454500002400474504003100498650002800529650005400557653002200611655002400633700002400657700003000681700003800711942002000749999001700769952014900786015859891OSt20150331112951.0110726t2012 enka frb 001 0 eng d a9780273764144 (pbk.) a0273764144 (pbk.) aStDuBDSbengcStDuBDSdUkdEG-ScBUE00a006.37222bFOR1 aForsyth, David.92240710aComputer vision :ba modern approach /cDavid A. Forsyth, Jean Ponce. a2nd ed., International ed. /bcontributions by Soumen Mukherjee, Arub Kumar Bhattacharjee. aHarlow :bPearson Education Limited,cc.2012. a791 p. :bill. ;c26 cm.0 aAlways learning aIndex : p. 767-789. aBibliography : p. 714-766. 0aComputer vision.918312 0aComputer visionvProblems, exercises, etc.937558 bENGELCcMarch2015 vreading book9342321 aPonce, Jean.9375591 aMukherjee, Soumen.9327921 aBhattacharjee, Arup Kumar.932793 2ddck006.37 FOR c19143d19115 00102ddc40708BaccahaMAINbMAINcLOWd2015-03-31epurchaseg280.00l3m8o006.37 FORp000037871r2025-07-15 00:00:00s2019-11-02v350.00yBB